000 00586nam a2200145Ia 4500
999 _c14366
_d14366
082 _aRP.0299
100 _aPathania, Rajinder Singh
_uDepartment of History, Government Degree College Bharmour, Himachal Pradesh
_vHimachal Pradesh
245 0 _aThe Gaddis of Bharmour :
_bA Study on Socio-Economic Change
260 _c2015
_aHimachal Pradesh
300 _av, 183p
504 _aInclude Bibliography
536 _aIndian Council of Social Science Research, New Delhi
650 _aModern Social History
_vSocio-Economic Change
_vPolitical history
_vEthnic Group--Tribal
942 _cRP
_2ddc